Derechos fundamentales en estado de alarma Una aproximacin̤ multidisciplinar /

Detalles Bibliográficos
Autor principal: Cobo del Rosal, Gabriela
Formato: eBook
Lenguaje:español
Publicado: Madrid: Dykinson, 2020
Materias:
Acceso en línea:Acceso restringido

MARC

LEADER 00000nam a22000007a 4500
005 20210203234824.0
007 cr|||| ||||
008 210203s2020 es |||||s|||| 00||0 spa d
020 |a 978-84-1377-256-1 
035 |a 32967 
040 |a vLex 
090 |c 11086  |d 11086 
100 1 |a Cobo del Rosal, Gabriela 
245 1 0 |a Derechos fundamentales en estado de alarma  |h [Recurso electrn̤ico] :  |b Una aproximacin̤ multidisciplinar /  |c Gabriela Cobo del Rosal 
256 |a Servicio en ln̕ea 
260 |a Madrid:  |b Dykinson,  |c 2020 
300 |a 1 recurso electrn̤ico 
500 |a El impacto de la pandemia del virus nombrado como covid-19 afecta a toda la vida social en el planeta. En esta obra, nueve profesionales del Derecho y la Sanidad ofrecen sus aportaciones acadm̌icas en torno a la consideracin̤ de las medidas adoptadas por los gobiernos (en Espaą, la declaracin̤ del “Estado de alarma”) y su encaje en el sistema jurd̕ico, a partir de la suposicin̤ de que “el Derecho que observan las democracias est ̀lo suficientemente pertrechado para vencer esta epidemia dentro del orden constitucional” (G. Cobo del Rosal). Estos estudios analizan las dificultades y retos que presenta la pandemia, desde diferentes disciplinas: histr̤ico-jurd̕ica, salud pb︢lica, mďica, psicolg̤ica, jurd̕ico penal, constitucional y Derechos Humanos, internacional, alternando dimensiones nacionales, de Espaą, con otras que expresan el factor de la globalizacin̤. El respeto a los Derechos Fundamentales y la esperanza en contribuir a que la victoria de la pandemia sea tambiň la victoria del modelo democrt̀ico de gobierno como paradigma del mejor sistema para gestionar una situacin̤ tan compleja y a que ello se verifique a travš de la mejora en las condiciones de vida as ̕como a travš de la garanta̕ y defensa de la misma son los objetivos finales de estos estudios, realizados con el apoyo de la Universidad Rey Juan Carlos 
506 1 |a Disponible solo en los productos indicados  |d vLex Global  |d vLex Global (Academic Edition, excluding Law Schools)  |d vLex Global (U.S. Academic Edition, Law Schools)  |d vLex Global (U.S. Academic Edition, excluding Law Schools)  |d vLex Global (Academic Edition, Law Schools) 
650 0 4 |a Derecho Militar  |z Espaą 
740 0 |a vLex Libros (Servicio en ln̕ea) 
856 4 0 |u http://vlex.com/source/derechos-fundamentales-en-estado-de-alarma-una-aproximacion-multidisciplinar-32967  |z Acceso restringido 
942 |c BOOK 
999 0 |a Military Law